000 00221nam a22000857a 4500
008 160701b xxu||||| |||| 00| 0 eng d
100 _91676
_a Biswas, S., et al
245 _aOnce Upon a Time
260 _aNew delhi
_b Arya
_c2004
999 _c1391
_d1391